Crime in Southern Africa : towards the year 2000: summary proceedings of a regional training workshop = La criminalité en Afrique Australe
| Autores principales: | ; |
|---|---|
| Tipo de documento: | Print Libro |
| Lenguaje: | Inglés Francés |
| Publicado: |
Rome
UNICRI
1996
|
| En: |
Issues & reports (7/8)
Año: 1996 |
| Disponibilidad en Tübingen: | Disponible en Tübingen. UB: KB 8 E 7013 |
| Verificar disponibilidad: | HBZ Gateway |
| Servicio de pedido Subito: | Pedir ahora. |
| Palabras clave: |
MARC
| LEADER | 00000cam a2200000 c 4500 | ||
|---|---|---|---|
| 001 | 1128568969 | ||
| 003 | DE-627 | ||
| 005 | 20230427004459.0 | ||
| 007 | tu | ||
| 008 | 970422s1996 xx ||||| 00| ||eng c | ||
| 035 | |a (DE-627)1128568969 | ||
| 035 | |a (DE-576)058568964 | ||
| 035 | |a (DE-599)BSZ058568964 | ||
| 035 | |a (OCoLC)312990223 | ||
| 035 | |a (DE-615)00308539 | ||
| 040 | |a DE-627 |b ger |c DE-627 |e rakwb | ||
| 041 | |a eng |a fre | ||
| 084 | |a RF03 |2 fivr | ||
| 084 | |a SF06 |2 fivs | ||
| 100 | 1 | |a McDonald, David |4 aut | |
| 245 | 1 | 0 | |a Crime in Southern Africa : towards the year 2000 |b summary proceedings of a regional training workshop = La criminalité en Afrique Australe |c David Macdonald and Louis Molamu |
| 246 | 3 | 1 | |a La criminalité en Afrique Australe |
| 246 | 3 | 3 | |a vers l'an 2000 |
| 264 | 1 | |a Rome |b UNICRI |c 1996 | |
| 300 | |a 31, 31 S. | ||
| 336 | |a Text |b txt |2 rdacontent | ||
| 337 | |a ohne Hilfsmittel zu benutzen |b n |2 rdamedia | ||
| 338 | |a Band |b nc |2 rdacarrier | ||
| 490 | 1 | |a Issues and reports / United Nations Interregional Crime and Justice Research Institute |v 7/8 | |
| 500 | |a Parallelsacht.: La criminalité en Afrique Australe : vers l'an 2000. - Wendebuch | ||
| 650 | 0 | 7 | |0 (DE-588)4127888-4 |0 (DE-627)105721344 |0 (DE-576)209597410 |a Innere Sicherheit |2 gnd |
| 650 | 0 | 7 | |0 (DE-588)4033178-7 |0 (DE-627)10458503X |0 (DE-576)209000511 |a Kriminalität |2 gnd |
| 651 | 7 | |0 (DE-588)4058393-4 |0 (DE-627)10614748X |0 (DE-576)209126043 |a Südafrika |g Kontinent |2 gnd | |
| 651 | 7 | |0 (DE-588)4007857-7 |0 (DE-627)106371258 |0 (DE-576)208872809 |a Botswana |2 gnd | |
| 700 | 1 | |a Molamu, Louis |4 aut | |
| 810 | 2 | |a United Nations Interregional Crime and Justice Research Institute |t Issues & reports |v 7/8 |9 7/8 |w (DE-627)509116094 |w (DE-576)041793846 |w (DE-600)2227171-5 |x 1020-1548 |7 am | |
| 889 | |w (DE-576)390248649 | ||
| 936 | f | i | |0 (DE-627)1756133204 |a RF03 |b Südliches Afrika |k Afrika südlich der Sahara |k Südliches Afrika |2 fivr |
| 936 | f | i | |0 (DE-627)1756135819 |a SF06 |b Innere Sicherheit/Innerstaatlicher Konflikt |k Staat |k Innere Sicherheit/Innerstaatlicher Konflikt |2 fivs |
| 938 | 1 | 0 | |0 (DE-627)175624460X |0 (DE-615)6610459 |a Südliches Afrika |2 fivt |
| 938 | 1 | 0 | |0 (DE-627)1756165440 |0 (DE-615)6601845 |a Botsuana |2 fivt |
| 938 | 1 | 0 | |0 (DE-627)1756145407 |0 (DE-615)6603626 |a Innere Sicherheit |2 fivt |
| 938 | 1 | 0 | |0 (DE-627)1756185786 |0 (DE-615)6606832 |a Kriminalität |2 fivt |
| 938 | 1 | 1 | |0 (DE-627)1756193843 |0 (DE-615)6608900 |a Korruption |2 fiva |
| 938 | 1 | 1 | |0 (DE-627)1756221480 |0 (DE-615)6601582 |a Verbrechensbekämpfung |2 fiva |
| 938 | 1 | 1 | |0 (DE-627)1756159491 |0 (DE-615)6602310 |a Gefangene |2 fiva |
| 938 | 1 | 1 | |0 (DE-627)1756172455 |0 (DE-615)6609137 |a Gewalt gegen Frauen |2 fiva |
| 951 | |a BO | ||
| ELC | |b 1 | ||
| LOK | |0 000 xxxxxcx a22 zn 4500 | ||
| LOK | |0 001 2303601630 | ||
| LOK | |0 003 DE-627 | ||
| LOK | |0 004 1128568969 | ||
| LOK | |0 005 19980409000000 | ||
| LOK | |0 008 970505||||||||||||||||ger||||||| | ||
| LOK | |0 040 |a DE-21 |c DE-627 |d DE-21 | ||
| LOK | |0 852 |a DE-21 | ||
| LOK | |0 852 1 |c KB 8 E 7013 |9 00 | ||
| LOK | |0 935 |a krim | ||
| LOK | |0 936ln |a k6.1.3 | ||
| LOK | |0 939 |a 05-05-97 |b l01 | ||
| ORI | |a SA-MARC-krimdoka001.raw | ||
| SIG | |a UB: KB 8 E 7013 | ||
